Les Années de la Finale du Championnat d'Europe de Football - Statistiques

Statistiques générales
  • Ce quiz a été pris 89 fois
    24 depuis la dernière actualisation
  • Le résultat moyen est 9 sur 17
Statistiques - réponses
Hint Réponse % Correct
France - Italie 2-1 (a.p.) 2000
95%
Grèce - Portugal 1-0 2004
86%
Portugal - France 1-0 (a.p.) 2016
86%
Italie - Angleterre 1-1 (a.p.) (3-2 Tirs au but) 2020
77%
Espagne - Angleterre 2-1 2024
77%
Espagne - Italie 4-0 2012
73%
Espagne - Allemagne 1-0 2008
64%
France - Espagne 2-0 1984
59%
Danemark - Allemagne 2-0 1992
55%
Pays-Bas - Union soviétique 2-0 1988
50%
Union soviétique - Yougoslavie 2-1 (a.p.) 1960
45%
Allemagne de l'Ouest - Union soviétique 3-0 1972
36%
Allemagne - République tchèque 2-1 (a.p.) 1996
32%
Espagne - Union soviétique 2-1 1964
27%
Tchécoslovaquie - Allemagne de l'Ouest 2-2 (a.p.) (5-3 Tirs au but) 1976
23%
Italie - Yougoslavie 2-0 (rejoué) 1968
18%
Allemagne de l'Ouest - Belgique 2-1 1980
5%
Aucun quiz correspondant
Distribution des résultats
% des personnes avec chaque résultat
Percentile par nombre de réponses
Votre historique - résultats
Vous n’avez pas pris ce quiz depuis la dernière actualisation